AI Italian Brainrot Quiz #1 - Statistics

Statistiche generali
  • Questo quiz è stato fatto 22 volte
  • Il punteggio medio è 7 su 16
Statistiche sulle risposte
con Immagini Risposta % Corretto
Ballerina Cappuccina
94%
Cappuccino Assassino
78%
Trallallero Trallalà
78%
Brr Brr Patapim
72%
Lirilì Larilà
72%
Espressona Signora
50%
Cacto Ippopotamo
39%
Udindindindindun Madindindindindun
39%
Cocofanto Elefanto
33%
Ballerino Lololo
28%
Burbaloni Lulilolli
28%
Spioniro Golubiro
28%
Garamararamaramam dan Madungdung tak tuntung perkuntung
22%
Orcalero Orcalà
22%
Tob Tobitob Tob Tobitob Tob Tob TobiTob
22%
Trulimero Trulicina
17%
Nessun quiz corrispondente trovato
Distribuzione punteggi
Percentuale di utenti per punteggio
Percentile per numero di risposta
I tuoi punteggi nel tempo
Non hai fatto questo quiz